[Event "DEM U12/U12w 2014"]
[Site "Magdeburg GER"]
[Date "2014.06.12"]
[Round "8"]
[White "Rößler, Lukas Namgyu"]
[Black "Liebeck, Eddie"]
[Result "1-0"]
[Termination "normal"]
[Board "22"]
[WhiteElo "1662"]
[BlackElo "1676"]
[PlyCount "109"]
[WhiteFideId "12938718"]
[BlackFideId "12945854"]
[EventCountry "GER"]
[EventRounds "11"]
[EventType "swiss"]
[EventDate "2014.06.07"]

1. e4 e5 2. Nf3 Nc6 3. Bb5 Bc5 4. O-O d6 5. c3 Bd7 6. d4 exd4 7. cxd4 Bb6 8.
Nc3 Nge7 9. Re1 O-O 10. h3 f6 11. Bc4+ Kh8 12. a3 Ng6 13. Nd5 Re8 14. Nxb6 axb6
15. Bf7 Re7 16. Bxg6 hxg6 17. d5 Ne5 18. Nd4 Qc8 19. f4 Nf7 20. Bd2 Re8 21. Qc2
c5 22. Nf3 Nh6 23. g4 Kh7 24. f5 g5 25. Kf2 Rh8 26. Rh1 Kg8 27. Kg3 Nf7 28. Bc3
Qc7 29. h4 gxh4+ 30. Nxh4 Ng5 31. Bd2 Nf7 32. Ng6 Rxh1 33. Rxh1 Nh6 34. Bxh6
gxh6 35. Rxh6 Ba4 36. Qh2 Qg7 37. Rh8+ Kf7 38. Rxa8 Be8 39. Qh8 Qxh8 40. Nxh8+
Kf8 41. Ng6+ Kf7 42. Rb8 Bb5 43. Rxb7+ Kg8 44. Rxb6 Be8 45. Rxd6 Bxg6 46. fxg6
Kg7 47. a4 f5 48. gxf5 c4 49. a5 c3 50. bxc3 Kg8 51. Rd7 Kf8 52. a6 Ke8 53. Rf7
Kd8 54. a7 Ke8 55. a8=Q# 1-0

[Event "DEM U12/U12w 2014"]
[Site "Magdeburg GER"]
[Date "2014.06.12"]
[Round "8"]
[White "Kück, Artur"]
[Black "Mütsch, Annmarie"]
[Result "0-1"]
[Termination "normal"]
[Board "23"]
[WhiteElo "1393"]
[BlackElo "1648"]
[PlyCount "62"]
[WhiteFideId "12965120"]
[BlackFideId "12971367"]
[EventCountry "GER"]
[EventRounds "11"]
[EventType "swiss"]
[EventDate "2014.06.07"]

1. d4 d5 2. c4 e6 3. Nc3 Nf6 4. cxd5 Nxd5 5. e4 Nxc3 6. bxc3 c5 7. Nf3 Nc6 8.
Bb5 Bd7 9. d5 exd5 10. exd5 Ne7 11. Bxd7+ Qxd7 12. c4 O-O-O 13. O-O f6 14. Bb2
Nf5 15. Qb3 Bd6 16. Rfb1 Qc7 17. a4 Rhf8 18. Bc3 g5 19. h3 h5 20. a5 g4 21.
hxg4 hxg4 22. Nd2 Bh2+ 23. Kf1 g3 24. fxg3 Rde8 25. Re1 Ne3+ 26. Rxe3 Rxe3 27.
Nf3 Bxg3 28. Qc2 Qf4 29. Rd1 Rxf3+ 30. gxf3 Qxf3+ 31. Kg1 Rh8 0-1

[Event "DEM U12/U12w 2014"]
[Site "Magdeburg GER"]
[Date "2014.06.12"]
[Round "8"]
[White "Recktenwald, Cedric"]
[Black "Gheng, Dominik"]
[Result "1/2-1/2"]
[Termination "normal"]
[Board "24"]
[WhiteElo "1435"]
[BlackElo "1556"]
[PlyCount "54"]
[WhiteFideId "12971928"]
[BlackFideId "12906778"]
[EventCountry "GER"]
[EventRounds "11"]
[EventType "swiss"]
[EventDate "2014.06.07"]

1. e4 c5 2. Nf3 d6 3. Bb5+ Nc6 4. Bxc6+ bxc6 5. b3 Nf6 6. d3 g6 7. Bb2 Bg7 8.
Nbd2 O-O 9. O-O Qc7 10. e5 Nd7 11. exd6 exd6 12. Bxg7 Kxg7 13. Re1 Nf6 14. Ne4
Nxe4 15. Rxe4 Bf5 16. Re3 Rfe8 17. Qe2 Rxe3 18. Qxe3 Bd7 19. Qd2 Re8 20. Re1
Rxe1+ 21. Qxe1 Bg4 22. Qc3+ Kg8 23. Nd2 Qe7 24. Ne4 Bf5 25. Nf6+ Kg7 26. Nd5+
Qe5 27. Qxe5+ dxe5 1/2-1/2

[Event "DEM U12/U12w 2014"]
[Site "Magdeburg GER"]
[Date "2014.06.12"]
[Round "8"]
[White "Lieberwirth, Kasimir"]
[Black "Santos, Leonardo"]
[Result "0-1"]
[Termination "normal"]
[Board "25"]
[WhiteElo "1628"]
[BlackElo "1451"]
[PlyCount "26"]
[WhiteFideId "12988146"]
[BlackFideId "12965049"]
[EventCountry "GER"]
[EventRounds "11"]
[EventType "swiss"]
[EventDate "2014.06.07"]

1. e4 d5 2. exd5 Qxd5 3. Nc3 Qd6 4. Bc4 Nf6 5. Nf3 g6 6. d4 Bg7 7. Ne5 O-O 8.
Bf4 Nh5 9. Ne4 Qb6 10. Bg5 Nc6 11. Nf3 Nxd4 12. O-O Bg4 13. Ned2 Qc5 0-1

[Event "DEM U12/U12w 2014"]
[Site "Magdeburg GER"]
[Date "2014.06.12"]
[Round "8"]
[White "Hüls, Maximilian"]
[Black "Huber, Benedikt"]
[Result "0-1"]
[Termination "normal"]
[Board "26"]
[WhiteElo "1638"]
[BlackElo "1719"]
[PlyCount "66"]
[WhiteFideId "12949698"]
[BlackFideId "12923583"]
[EventCountry "GER"]
[EventRounds "11"]
[EventType "swiss"]
[EventDate "2014.06.07"]

1. e4 e6 2. c4 c5 3. Nf3 Nc6 4. d4 cxd4 5. Nxd4 Bc5 6. Be3 Qb6 7. Nxc6 Bxe3 8.
Qe2 Bxf2+ 9. Qxf2 Qxf2+ 10. Kxf2 dxc6 11. Nc3 e5 12. Be2 Nf6 13. h3 Be6 14.
Rad1 Ke7 15. b3 Rad8 16. Bf3 Rd4 17. g4 h6 18. Ke3 Rhd8 19. Rh2 Nxe4 20. Rxd4
exd4+ 21. Kxe4 dxc3 22. Rc2 Rd2 23. Rxd2 cxd2 24. Ke3 f5 25. Kxd2 fxg4 26. hxg4
Kf6 27. Ke3 Kg5 28. Ke4 Bxg4 29. Bg2 h5 30. b4 h4 31. a4 h3 32. Bh1 Kh4 33. Kf4
g5+ 0-1

[Event "DEM U12/U12w 2014"]
[Site "Magdeburg GER"]
[Date "2014.06.12"]
[Round "8"]
[White "Röhr, Tobias"]
[Black "Bui, Ngoc Han Julia"]
[Result "0-1"]
[Termination "normal"]
[Board "27"]
[WhiteElo "1588"]
[BlackElo "1446"]
[PlyCount "120"]
[WhiteFideId "12963089"]
[BlackFideId "12977055"]
[EventCountry "GER"]
[EventRounds "11"]
[EventType "swiss"]
[EventDate "2014.06.07"]

1. d4 g6 2. c4 Nf6 3. Nc3 d5 4. cxd5 Nxd5 5. e4 Nxc3 6. bxc3 Bg7 7. Bc4 O-O 8.
Nf3 c5 9. O-O Bg4 10. Bb2 cxd4 11. cxd4 Nc6 12. Bd5 Rc8 13. Rb1 Qc7 14. Qb3
Bxf3 15. Qxf3 e6 16. Bxc6 Qxc6 17. Rfc1 Qd7 18. e5 Rxc1+ 19. Rxc1 Rc8 20. Rc3
Rxc3 21. Qxc3 Bxe5 22. h3 Bg7 23. Kh2 Qc6 24. Qg3 Bf8 25. Kh1 Qb6 26. Qc3 Qc6
27. Qe3 Qd5 28. Qc3 a6 29. a4 a5 30. Kg1 Bb4 31. Qg3 Bd6 32. Qc3 Qa2 33. f4 Qd5
34. Kh1 Bxf4 35. Qc8+ Kg7 36. Ba3 Bd6 37. Bxd6 Qxd6 38. Qxb7 Qxd4 39. Qb5 Qd5
40. Kh2 Kf6 41. Qf1+ Qf5 42. Qd1 Kg7 43. Qd4+ f6 44. Qd7+ Kh6 45. Qd2+ g5 46.
Qa2 Qe5+ 47. Kh1 f5 48. Qa3 Kg6 49. Qc1 g4 50. h4 h6 51. Qc8 Qe1+ 52. Kh2 Qxh4+
53. Kg1 Qf6 54. Qe8+ Kg5 55. Qd7 h5 56. Qd2+ f4 57. Qxa5+ e5 58. Qb4 g3 59. a5
Qd8 60. Qb5 Qd4+ 0-1

[Event "DEM U12/U12w 2014"]
[Site "Magdeburg GER"]
[Date "2014.06.12"]
[Round "8"]
[White "Hermanns, Till"]
[Black "Rosenhain, Rachela"]
[Result "1/2-1/2"]
[Termination "normal"]
[Board "28"]
[WhiteElo "1449"]
[BlackElo "1659"]
[PlyCount "132"]
[WhiteFideId "12972347"]
[BlackFideId "12957615"]
[EventCountry "GER"]
[EventRounds "11"]
[EventType "swiss"]
[EventDate "2014.06.07"]

1. d4 Nf6 2. Nf3 g6 3. Bf4 d6 4. e3 Bg7 5. h3 O-O 6. Be2 c5 7. d5 Nh5 8. c3
Nxf4 9. exf4 a6 10. a4 b6 11. O-O Bb7 12. Na3 Nd7 13. Nc2 Qc7 14. Ne3 e5 15. f5
Bc8 16. fxg6 hxg6 17. Nh2 Nf6 18. Nhg4 Nxg4 19. Bxg4 Bxg4 20. Nxg4 b5 21. Rc1
Qe7 22. axb5 axb5 23. c4 b4 24. f3 f5 25. Nf2 Ra2 26. Qb3 Rfa8 27. Rb1 R8a6 28.
Rfe1 Kf7 29. Nd3 Qd7 30. Qc2 Qa4 31. Qxa4 R6xa4 32. Re2 Ra1 33. Ree1 Rxb1 34.
Rxb1 Bh6 35. Kf2 e4 36. Ne1 Ra2 37. fxe4 fxe4 38. Kg3 Kf6 39. Nc2 Kf5 40. h4
Kf6 41. Kf2 Bf4 42. g3 Be5 43. Ke3 Rxb2 44. Rxb2 Bxb2 45. Kxe4 b3 46. Ne3 Be5
47. Ng4+ Kg7 48. Kd3 Bxg3 49. Kc3 Bxh4 50. Kxb3 g5 51. Kc2 Kg6 52. Kd3 Bg3 53.
Ke2 Be5 54. Nxe5+ dxe5 55. Kf2 Kf6 56. Ke2 g4 57. Ke3 Kf5 58. Ke2 e4 59. Kf2
Ke5 60. Kf1 Kd6 61. Kf2 Ke7 62. Kf1 Kf6 63. Kf2 Kg5 64. Kf1 Kf5 65. Kf2 Ke5 66.
Kf1 Kf6 1/2-1/2

[Event "DEM U12/U12w 2014"]
[Site "Magdeburg GER"]
[Date "2014.06.12"]
[Round "8"]
[White "Yankelevich, Michael"]
[Black "Wurst, Benedikt"]
[Result "1-0"]
[Termination "normal"]
[Board "29"]
[WhiteElo "1696"]
[BlackElo "1403"]
[PlyCount "35"]
[WhiteFideId "12921440"]
[BlackFideId "12991791"]
[EventCountry "GER"]
[EventRounds "11"]
[EventType "swiss"]
[EventDate "2014.06.07"]

1. e4 e5 2. Nf3 Nc6 3. Bc4 Nf6 4. Ng5 d5 5. exd5 Na5 6. d3 h6 7. Nf3 Nxc4 8.
dxc4 Bg4 9. h3 Bh5 10. g4 Bg6 11. Nxe5 Qe7 12. Bf4 Nd7 13. Qe2 Bxc2 14. Na3
Nxe5 15. Bxe5 Bg6 16. Nb5 Kd7 17. Rd1 a6 18. d6 1-0

[Event "DEM U12/U12w 2014"]
[Site "Magdeburg GER"]
[Date "2014.06.12"]
[Round "8"]
[White "Hoffmann, Lennard"]
[Black "Arnold, Leander"]
[Result "1/2-1/2"]
[Termination "normal"]
[Board "30"]
[WhiteElo "1801"]
[BlackElo "1402"]
[PlyCount "56"]
[WhiteFideId "12943495"]
[BlackFideId "12990230"]
[EventCountry "GER"]
[EventRounds "11"]
[EventType "swiss"]
[EventDate "2014.06.07"]

1. e4 e6 2. d4 d5 3. Nd2 Nc6 4. c3 e5 5. Ngf3 Bg4 6. exd5 Qxd5 7. Bc4 Qd7 8. d5
Na5 9. Nxe5 Bxd1 10. Nxd7 Kxd7 11. Kxd1 Nxc4 12. Nxc4 Bc5 13. Re1 f6 14. Be3
Bxe3 15. Rxe3 Ne7 16. Rd3 Nf5 17. Kc2 Rhe8 18. Rad1 Nd6 19. Nd2 Re2 20. Rg3 Rg8
21. Rf3 Rge8 22. Kd3 R2e5 23. c4 Nf7 24. Nb3 b6 25. Nd4 Rh5 26. h3 Ne5+ 27. Ke3
Nxf3+ 28. Kxf3 Re7 1/2-1/2

[Event "DEM U12/U12w 2014"]
[Site "Magdeburg GER"]
[Date "2014.06.12"]
[Round "8"]
[White "Paulweber, Lara Maria"]
[Black "Lesny, Florian"]
[Result "1/2-1/2"]
[Termination "normal"]
[Board "31"]
[WhiteElo "1386"]
[BlackElo "1549"]
[PlyCount "42"]
[WhiteFideId "12954411"]
[BlackFideId "12973874"]
[EventCountry "GER"]
[EventRounds "11"]
[EventType "swiss"]
[EventDate "2014.06.07"]

1. d4 d5 2. Bf4 Nf6 3. e3 c5 4. Nf3 Qb6 5. Qc1 Bf5 6. Bd3 Bxd3 7. cxd3 cxd4 8.
Nxd4 Nc6 9. Nxc6 Qxc6 10. Qxc6+ bxc6 11. d4 Nh5 12. Be5 f6 13. Bc7 Rc8 14. Ba5
g6 15. Bb4 e5 16. Bc3 Bd6 17. Nd2 O-O 18. O-O Rfe8 19. Nb3 Ng7 20. Rfe1 e4 21.
Rac1 Nf5 1/2-1/2

[Event "DEM U12/U12w 2014"]
[Site "Magdeburg GER"]
[Date "2014.06.12"]
[Round "8"]
[White "Kirsten, Annika"]
[Black "Weimert, Miriam"]
[Result "0-1"]
[Termination "normal"]
[Board "32"]
[WhiteElo "1323"]
[BlackElo "1562"]
[PlyCount "46"]
[WhiteFideId "12961124"]
[BlackFideId "12966703"]
[EventCountry "GER"]
[EventRounds "11"]
[EventType "swiss"]
[EventDate "2014.06.07"]

1. e4 e5 2. Nf3 Nf6 3. Nxe5 d6 4. Nf3 Nxe4 5. d4 d5 6. Bd3 Nc6 7. O-O Be7 8.
Re1 f5 9. c4 Nb4 10. cxd5 Nxd3 11. Qxd3 O-O 12. Nc3 Bb4 13. Bf4 Bd7 14. Qc4 Bd6
15. Be5 Qe8 16. Qd3 Qh5 17. Nxe4 fxe4 18. Qxe4 Rae8 19. Qh4 Qf7 20. Ng5 Qg6 21.
Bxd6 Rxe1+ 22. Rxe1 cxd6 23. Re7 Qb1+ 0-1

[Event "DEM U12/U12w 2014"]
[Site "Magdeburg GER"]
[Date "2014.06.12"]
[Round "8"]
[White "Reitz, Theresa"]
[Black "Flach, Helene"]
[Result "0-1"]
[Termination "normal"]
[Board "33"]
[WhiteElo "1484"]
[BlackElo "1657"]
[PlyCount "112"]
[WhiteFideId "12971901"]
[BlackFideId "12929735"]
[EventCountry "GER"]
[EventRounds "11"]
[EventType "swiss"]
[EventDate "2014.06.07"]

1. e4 e5 2. Nf3 Nc6 3. Bb5 a6 4. Ba4 Nf6 5. d3 b5 6. Bb3 Be7 7. c3 O-O 8. O-O
d6 9. Re1 Na5 10. Bc2 c5 11. h3 Bb7 12. Nbd2 Nc6 13. Nf1 Qd7 14. Ng3 Bd8 15.
Nf5 Ne7 16. N3h4 Ng6 17. Nf3 Rc8 18. Nh2 Ne7 19. Nxe7+ Bxe7 20. f4 Bd8 21. Nf3
Re8 22. Qe2 c4 23. dxc4 Rxc4 24. fxe5 dxe5 25. Rd1 Qc8 26. Bd3 Bb6+ 27. Be3
Bxe3+ 28. Qxe3 Qc5 29. Qxc5 Rxc5 30. Re1 Nh5 31. Rad1 Nf4 32. Bc2 Bc6 33. Rd6
b4 34. Re3 a5 35. Rd2 f6 36. cxb4 axb4 37. Kh2 Kf8 38. g3 Ne6 39. Re1 Rd8 40.
Red1 Rxc2 41. Rxc2 Rxd1 42. Rxc6 Nd4 43. Rc8+ Ke7 44. Nxd4 Rxd4 45. Rh8 h6 46.
Rg8 Kf7 47. Rc8 Rxe4 48. Rc2 Re1 49. b3 e4 50. Kg2 Re3 51. Kf2 Rf3+ 52. Kg2 Rc3
53. Re2 f5 54. Kf2 Kf6 55. g4 Rxh3 56. gxf5 Kxf5 0-1

[Event "DEM U12/U12w 2014"]
[Site "Magdeburg GER"]
[Date "2014.06.12"]
[Round "8"]
[White "Wenzel, Calvin"]
[Black "Schäfer, Nicolas"]
[Result "0-1"]
[Termination "normal"]
[Board "34"]
[WhiteElo "1432"]
[BlackElo "1337"]
[PlyCount "156"]
[WhiteFideId "12973920"]
[BlackFideId "12988901"]
[EventCountry "GER"]
[EventRounds "11"]
[EventType "swiss"]
[EventDate "2014.06.07"]

1. e4 c5 2. d4 cxd4 3. c3 dxc3 4. Nxc3 d6 5. Nf3 Nc6 6. Bc4 Nf6 7. e5 Nd7 8.
exd6 exd6 9. O-O Nb6 10. Re1+ Be7 11. Bb3 O-O 12. Be3 Bg4 13. h3 Bh5 14. Qe2
Rb8 15. Bxb6 axb6 16. Qe3 Bxf3 17. Qxf3 Ne5 18. Qe3 Re8 19. Ba4 Nc6 20. Nd5 Bh4
21. Qxe8+ Qxe8 22. Rxe8+ Rxe8 23. g3 Bd8 24. Kf1 h6 25. Rc1 Re5 26. Bxc6 bxc6
27. Rxc6 Rxd5 28. Rc8 Kh7 29. Rxd8 Kg6 30. Ke2 Kf6 31. f4 Ke7 32. Rb8 Rb5 33.
b3 g6 34. Rb7+ Ke6 35. g4 Rb4 36. Ke3 d5 37. h4 Rb5 38. h5 Kf6 39. Rd7 Kg7 40.
hxg6 Kxg6 41. Kd4 Rb4+ 42. Kxd5 Rxf4 43. Rd6+ f6 44. Rxb6 Rxg4 45. a4 h5 46. a5
Rg5+ 47. Ke6 Rxa5 48. Rb8 Ra6+ 49. Ke7 Ra7+ 50. Ke6 Kg7 51. Rb4 Ra5 52. Rb7+
Kg6 53. Rb8 Re5+ 54. Kd6 Rg5 55. Ke6 Re5+ 56. Kd6 Kf5 57. Rh8 Kg4 58. Rg8+ Rg5
59. Rf8 f5 60. Ke5 h4 61. Rh8 Kg3 62. b4 h3 63. b5 f4+ 64. Ke4 Rxb5 65. Rg8+
Kf2 66. Rd8 Rb4+ 67. Kf5 f3 68. Rd2+ Kg3 69. Rd1 f2 70. Rd3+ Kg2 71. Rd2 h2 72.
Re2 h1=Q 73. Re5 Qh5+ 74. Kf6 Rb6+ 75. Re6 f1=Q+ 76. Ke7 Rb7+ 77. Kd8 Qf8+ 78.
Re8 Qfxe8# 0-1

[Event "DEM U12/U12w 2014"]
[Site "Magdeburg GER"]
[Date "2014.06.12"]
[Round "8"]
[White "Bosselmann, Tom Linus"]
[Black "Leimbach, Tim Vincent"]
[Result "1-0"]
[Termination "normal"]
[Board "35"]
[WhiteElo "1430"]
[BlackElo "1284"]
[PlyCount "85"]
[WhiteFideId "12983845"]
[BlackFideId "12988600"]
[EventCountry "GER"]
[EventRounds "11"]
[EventType "swiss"]
[EventDate "2014.06.07"]

1. e4 c5 2. d4 cxd4 3. c3 dxc3 4. Nxc3 Nc6 5. Bc4 e6 6. Bf4 Bb4 7. Nge2 Nge7 8.
a3 Ba5 9. O-O O-O 10. b4 Bc7 11. Bxc7 Qxc7 12. Rc1 a6 13. Bb3 Rd8 14. f4 b6 15.
Rf3 Bb7 16. Qe1 f5 17. Rg3 Rf8 18. e5 Qd8 19. Rh3 Ng6 20. Rd1 Qc7 21. b5 Nce7
22. Rhd3 Rfd8 23. Qd2 Nf8 24. Nd4 Kf7 25. Nxe6 Nxe6 26. Rd6 Ke8 27. Rc1 Nc5 28.
Bd5 Nxd5 29. Nxd5 Bxd5 30. Qxd5 Kf8 31. Qf3 g6 32. Qh3 Kg7 33. g4 fxg4 34. Qxg4
Rf8 35. Rf6 Qd8 36. Rd6 Rf5 37. h4 Kh8 38. h5 Rxh5 39. Rxc5 bxc5 40. Rxd7 Qe8
41. e6 Rf5 42. Qe2 axb5 43. Qb2+ 1-0

[Event "DEM U12/U12w 2014"]
[Site "Magdeburg GER"]
[Date "2014.06.12"]
[Round "8"]
[White "Bierfreund, Trine Maja"]
[Black "Wastian, Mareike"]
[Result "1/2-1/2"]
[Termination "normal"]
[Board "36"]
[WhiteElo "1288"]
[BlackElo "1571"]
[PlyCount "42"]
[WhiteFideId "12957372"]
[BlackFideId "12947423"]
[EventCountry "GER"]
[EventRounds "11"]
[EventType "swiss"]
[EventDate "2014.06.07"]

1. e4 d5 2. exd5 Nf6 3. Bb5+ Bd7 4. Be2 Nxd5 5. d4 Bf5 6. Nf3 e6 7. O-O Nc6 8.
c3 Qd7 9. Bb5 Bd6 10. Nbd2 O-O-O 11. Nc4 f6 12. Na5 Nde7 13. Qb3 b6 14. d5 exd5
15. Nxc6 Nxc6 16. Nd4 Be4 17. Nxc6 Qg4 18. f3 Qh4 19. g3 Bxg3 20. hxg3 Qxg3+
21. Kh1 Qh3+ 1/2-1/2

[Event "DEM U12/U12w 2014"]
[Site "Magdeburg GER"]
[Date "2014.06.12"]
[Round "8"]
[White "Ruppert, Paula"]
[Black "Ziegenfuß, Larissa"]
[Result "1/2-1/2"]
[Termination "normal"]
[Board "38"]
[WhiteElo "1202"]
[BlackElo "1587"]
[PlyCount "43"]
[WhiteFideId "12979996"]
[BlackFideId "12974722"]
[EventCountry "GER"]
[EventRounds "11"]
[EventType "swiss"]
[EventDate "2014.06.07"]

1. e4 g6 2. d4 Bg7 3. Nc3 d6 4. Be3 Nf6 5. Nf3 O-O 6. Qd2 Ng4 7. Bf4 e5 8. Bg3
Nd7 9. h3 exd4 10. Nxd4 Ngf6 11. O-O-O Re8 12. Bd3 Nc5 13. f3 Bd7 14. Bf4 Nh5
15. Nde2 Nxf4 16. Nxf4 Bh6 17. Kb1 Nxd3 18. cxd3 c6 19. g3 Qg5 20. Qf2 Qa5 21.
h4 b5 22. Nce2 1/2-1/2

[Event "DEM U12/U12w 2014"]
[Site "Magdeburg GER"]
[Date "2014.06.12"]
[Round "8"]
[White "Du, Jessica"]
[Black "Kukulina, Sonja"]
[Result "0-1"]
[Termination "normal"]
[Board "39"]
[WhiteElo "1241"]
[BlackElo "1162"]
[PlyCount "62"]
[WhiteFideId "12988529"]
[BlackFideId "12977047"]
[EventCountry "GER"]
[EventRounds "11"]
[EventType "swiss"]
[EventDate "2014.06.07"]

1. e4 e5 2. Bc4 Nc6 3. Nc3 Nf6 4. d3 d6 5. h3 Be6 6. Nf3 h6 7. Be3 Na5 8. Qe2
Nxc4 9. dxc4 Qd7 10. b3 a6 11. Nd2 Be7 12. Qf3 O-O-O 13. O-O-O Qc6 14. Ndb1 b5
15. cxb5 axb5 16. a3 Kd7 17. Rhe1 Ke8 18. Qe2 Rb8 19. f3 b4 20. axb4 Rxb4 21.
Bd2 Kd7 22. Nd5 Rxb3 23. Nxf6+ gxf6 24. Be3 Ra8 25. Rd3 Bc4 26. Red1 Ra1 27.
Kd2 Raxb1 28. Rxb1 Bxd3 29. cxd3 Qc3+ 30. Kd1 Rxb1+ 31. Bc1 Rxc1# 0-1

[Event "DEM U12/U12w 2014"]
[Site "Magdeburg GER"]
[Date "2014.06.12"]
[Round "8"]
[White "Wolterink, Jule"]
[Black "Wanschura, David"]
[Result "1-0"]
[Termination "normal"]
[Board "40"]
[WhiteElo "943"]
[BlackElo "1220"]
[PlyCount "41"]
[WhiteFideId "12981206"]
[BlackFideId "12982946"]
[EventCountry "GER"]
[EventRounds "11"]
[EventType "swiss"]
[EventDate "2014.06.07"]

1. c4 e5 2. Nc3 Nf6 3. g3 d5 4. d4 Nc6 5. e3 exd4 6. exd4 dxc4 7. Nf3 Bg4 8.
Bg2 Rb8 9. O-O Bxf3 10. Bxf3 Nxd4 11. Re1+ Be7 12. Bg2 Ne6 13. Qa4+ Nd7 14.
Qxa7 c6 15. Rd1 O-O 16. Qa4 Qc7 17. Qxc4 Rfd8 18. Bh3 Nf6 19. Bxe6 fxe6 20.
Qxe6+ Kh8 21. Bf4 1-0

[Event "DEM U12/U12w 2014"]
[Site "Magdeburg GER"]
[Date "2014.06.12"]
[Round "8"]
[White "Gauchel, Verena"]
[Black "Reuker, Ronja"]
[Result "1-0"]
[Termination "normal"]
[Board "41"]
[WhiteElo "1273"]
[BlackElo "945"]
[PlyCount "81"]
[WhiteFideId "12988537"]
[BlackFideId "12947172"]
[EventCountry "GER"]
[EventRounds "11"]
[EventType "swiss"]
[EventDate "2014.06.07"]

1. d4 f5 2. Nf3 Nf6 3. Bf4 g6 4. e3 Bg7 5. c4 O-O 6. Nc3 d6 7. Be2 Qe8 8. Nb5
Qc6 9. d5 Qc5 10. Qd4 Qb4+ 11. Qd2 Qxd2+ 12. Nxd2 Na6 13. Rc1 c6 14. Nc3 cxd5
15. cxd5 Nb4 16. Bc4 b5 17. Nxb5 Nbxd5 18. Nc7 Bb7 19. Nxa8 Bxa8 20. Bxd5+ Bxd5
21. b3 Bxg2 22. Rg1 Bd5 23. Bg5 Re8 24. Bxf6 Bxf6 25. Rc7 a5 26. Ke2 Be5 27. f4
Bb2 28. Ra7 Bc3 29. Rc1 Bb4 30. Nb1 Be4 31. a3 Bxb1 32. axb4 Be4 33. bxa5 e5
34. fxe5 dxe5 35. b4 Rb8 36. b5 h5 37. Re7 Ra8 38. a6 Kf8 39. Rxe5 Kf7 40. Rec5
Kf6 41. Ra1 1-0

[Event "DEM U12/U12w 2014"]
[Site "Magdeburg GER"]
[Date "2014.06.12"]
[Round "8"]
[White "Leib, Amina"]
[Black "Garbuz, Nicole"]
[Result "0-1"]
[Termination "normal"]
[Board "42"]
[WhiteElo "1076"]
[BlackElo "1389"]
[PlyCount "96"]
[WhiteFideId "12982970"]
[BlackFideId "12990701"]
[EventCountry "GER"]
[EventRounds "11"]
[EventType "swiss"]
[EventDate "2014.06.07"]

1. d4 d5 2. Nc3 Nf6 3. Bf4 Bd7 4. e3 e6 5. Bd3 c5 6. dxc5 Bxc5 7. Nf3 O-O 8.
Ne5 Nc6 9. Nb5 Nxe5 10. Bxe5 Bxb5 11. Bxb5 Qa5+ 12. Bc3 Qxb5 13. a3 Be7 14. Qf3
Rac8 15. a4 Qc4 16. Qg3 Bb4 17. Kd1 Bxc3 18. bxc3 Ne4 19. Qh4 Qxc3 20. Ke2 Qc4+
21. Kf3 Nd2+ 22. Kg3 Qxh4+ 23. Kxh4 Rxc2 24. Rac1 Rfc8 25. Rxc2 Rxc2 26. Rb1
Nxb1 27. Kg4 Rxf2 28. Kg3 Ra2 29. h3 Rxa4 30. Kf2 b5 31. Ke2 Nc3+ 32. Kd2 Ne4+
33. Kc2 Ra2+ 34. Kb3 Rxg2 35. Ka3 Rg3 36. Kb4 a6 37. h4 Nd6 38. h5 Rg4+ 39. Kb3
e5 40. h6 Rg3 41. hxg7 Kxg7 42. Kb4 d4 43. e4 a5+ 44. Kxa5 d3 45. Kb4 d2 46.
Kc5 d1=Q 47. Kb6 Qd4+ 48. Ka6 Ra3# 0-1

[Event "DEM U12/U12w 2014"]
[Site "Magdeburg GER"]
[Date "2014.06.12"]
[Round "8"]
[White "Kurzweil, Naemi"]
[Black "Weiten, Teresa"]
[Result "1-0"]
[Termination "normal"]
[Board "44"]
[WhiteElo "1231"]
[BlackElo "1137"]
[PlyCount "73"]
[WhiteFideId "12985708"]
[BlackFideId "12971944"]
[EventCountry "GER"]
[EventRounds "11"]
[EventType "swiss"]
[EventDate "2014.06.07"]

1. d4 d5 2. Bf4 Nc6 3. Nf3 Nf6 4. Nc3 Bf5 5. e3 a6 6. Bd3 Bxd3 7. Qxd3 e6 8. a3
Bd6 9. Ne5 Bxe5 10. Bxe5 O-O 11. Bf4 Qe7 12. Bg5 e5 13. O-O-O e4 14. Qe2 Qe6
15. h4 Na5 16. Rdg1 Nc4 17. Bxf6 Qxf6 18. Nxd5 Qc6 19. Ne7+ Kh8 20. Nxc6 Nd6
21. Ne7 Rfe8 22. Nd5 Rac8 23. h5 h6 24. g4 Re6 25. g5 Nf5 26. gxh6 Nxh6 27. f3
c6 28. Nf4 Ree8 29. Qg2 Rg8 30. fxe4 Rcd8 31. Ng6+ fxg6 32. hxg6 Rd6 33. Rxh6+
gxh6 34. g7+ Kh7 35. Qg4 Rf6 36. e5 Rf7 37. Qg6# 1-0

[Event "DEM U12/U12w 2014"]
[Site "Magdeburg GER"]
[Date "2014.06.12"]
[Round "8"]
[White "Albert, Eske"]
[Black "Berelowitsch, Dana"]
[Result "0-1"]
[Termination "normal"]
[Board "45"]
[WhiteElo "893"]
[BlackElo "1102"]
[PlyCount "116"]
[WhiteFideId "12991813"]
[BlackFideId "12977144"]
[EventCountry "GER"]
[EventRounds "11"]
[EventType "swiss"]
[EventDate "2014.06.07"]

1. e4 e5 2. Nf3 Nf6 3. Nc3 Nc6 4. Bb5 Bb4 5. Bxc6 dxc6 6. d3 Bg4 7. Bd2 Qe7 8.
h3 Bh5 9. g4 Bg6 10. Qe2 O-O-O 11. O-O-O h6 12. Kb1 Kb8 13. a3 Bc5 14. Rhg1 Qd6
15. Bc1 Bb6 16. Na4 Ba5 17. Bd2 Bxd2 18. Qxd2 Rhe8 19. Qc3 Nd7 20. Rge1 b5 21.
Qa5 bxa4 22. Qxa4 Ka8 23. d4 Nb6 24. Qb3 Qe6 25. Qb4 Qc4 26. Nxe5 Qxb4 27. axb4
Rd6 28. c4 Rf6 29. c5 Nc8 30. Rd2 Rfe6 31. f4 Rd8 32. d5 cxd5 33. Nxg6 fxg6 34.
f5 gxf5 35. gxf5 Ree8 36. Rd4 a6 37. Kc1 Na7 38. Kd1 c6 39. e5 Nb5 40. Rd3 Re7
41. Rde3 Rde8 42. R1e2 Nd4 43. Re1 Nxf5 44. R3e2 d4 45. Kd2 Ne3 46. Kd3 Rxe5
47. Kxd4 Nc2+ 48. Kd3 Nxe1+ 49. Rxe1 Rxe1 50. Kd2 R1e4 51. Kd3 Rxb4 52. Kc3 Rh4
53. b4 Re3+ 54. Kd2 Rexh3 55. Ke2 Rxb4 56. Kd2 Rb2+ 57. Kc1 Rg2 58. Kd1 Rh1#
0-1

[Event "DEM U12/U12w 2014"]
[Site "Magdeburg GER"]
[Date "2014.06.12"]
[Round "8"]
[White "Petrow, Jonas"]
[Black "Fricke, Edna Marlene"]
[Result "1-0"]
[Termination "normal"]
[Board "46"]
[WhiteElo "1220"]
[BlackElo "1081"]
[PlyCount "89"]
[WhiteFideId "12991805"]
[BlackFideId "12988839"]
[EventCountry "GER"]
[EventRounds "11"]
[EventType "swiss"]
[EventDate "2014.06.07"]

1. d4 d5 2. e3 Bf5 3. Bd3 Bxd3 4. Qxd3 c6 5. f4 e6 6. Nf3 Nf6 7. O-O Be7 8.
Nbd2 O-O 9. Ne5 Nbd7 10. Ndf3 Nxe5 11. Nxe5 Bd6 12. Bd2 Bxe5 13. fxe5 Ne4 14.
Bb4 Re8 15. Rf3 b6 16. Raf1 c5 17. Be1 Re7 18. Bh4 f6 19. exf6 gxf6 20. Bxf6
Nxf6 21. Rxf6 Re8 22. g3 Qe7 23. Qe2 Rf8 24. Qg4+ Kh8 25. Qxe6 Qxe6 26. Rxe6
Rxf1+ 27. Kxf1 Rf8+ 28. Ke2 Rb8 29. Re7 cxd4 30. exd4 a5 31. Rd7 Re8+ 32. Kd2
Re4 33. Rxd5 Kg7 34. c3 a4 35. Rd7+ Kf6 36. Rxh7 Ke6 37. Rh6+ Kd5 38. Rxb6 Rh4
39. gxh4 Ke4 40. h5 Kd5 41. h6 a3 42. bxa3 Ke4 43. h7 Kd5 44. h8=Q Kc4 45. Qg8#
1-0